[Event "Ch Armenia"]
[Site "masterchessopen.com Yerevan (Armenia)"]
[Round "0"]
[White "Petrosian Arshak B (ARM)"]
[Black "Mirumian Vigen (CZE)"]
[Result "1-0"]
[WhiteElo "2435"]
[BlackElo "2415"]

1.d4 Nf6 2.c4 g6 3.g3 Bg7 4.Bg2 d5 5.cxd5 Nxd5 6.e4 Nb4 7.a3 N4c6 8.d5 Nd4
9.Ne2 c5 10.O-O O-O 11.Nxd4 cxd4 12.Nd2 e5 13.a4 Na6 14.Nc4 f5 15.f3 Bd7 16.f4
fxe4 17.Nxe5 Nc5 18.b4 Nd3 19.Nxd3 exd3 20.Ra3 Qb6 21.Qxd3 Bf5 22.Qb5 Qc7
23.Bb2 Rac8 24.Raa1 a6 25.Qc5 Qd7 26.Qb6 Rc2 27.Rf2 Rfc8 28.Raf1 Rxf2 29.Rxf2
d3 30.Bxg7 Qxg7 31.Qe3 Qc3 32.Bf3 Qxb4 33.g4 Bd7 34.Qxd3 Qxf4 35.d6 Kg7 36.Qb3
b5 37.Qb2+ Kh6 38.axb5 axb5 39.Bd1 Qxd6 40.g5+ Kxg5 41.Qe2 Rc4 42.Qe3+ Kh4
43.Qe1 Rg4+ 44.Rg2+ Kh5 45.h3 {#r} 1-0

[Event "Ch Russia (1/2 final)"]
[Site "masterchessopen.com Arkhangelsk (Russia)"]
[Round "4"]
[White "Timofeev Vladimir F (RUS)"]
[Black "Simonov Viktor (RUS)"]
[Result "0-1"]
[WhiteElo "2282"]
[BlackElo "2315"]

1.d4 Nf6 2.c4 g6 3.g3 Bg7 4.Bg2 d5 5.cxd5 Nxd5 6.e4 Nb4 7.d5 c6 8.a3 Qa5 9.Nc3
cxd5 10.Be3 d4 11.axb4 Qd8 12.Bd2 dxc3 13.bxc3 O-O 14.Ne2 Nc6 15.Nf4 Ne5
16.O-O Nc4 17.Ra2 e6 18.Qe2 Qc7 19.Rc1 Bd7 20.Be3 Nxe3 21.Qxe3 a5 22.Bf1 Rfc8
23.b5 Qc5 24.Qe2 a4 25.c4 Bh6 26.Rd1 Be8 27.Ng2 a3 28.Kh1 Rd8 29.f4 Rxd1
30.Qxd1 Bf8 31.Qd3 Be7 32.Ne3 Rd8 33.Qe2 Qd4 34.Nc2 Qc3 35.Ne1 Bc5 {#R} 0-1

[Event "It (open)"]
[Site "masterchessopen.com Bern (Switzerland)"]
[Round "2"]
[White "Teske Henrik (GER)"]
[Black "Moor Roger (SUI)"]
[Result "1-0"]
[WhiteElo "2520"]
[BlackElo "2240"]

1.d4 Nf6 2.c4 g6 3.g3 Bg7 4.Bg2 d5 5.cxd5 Nxd5 6.e4 Nb4 7.d5 c6 8.Ne2 cxd5
9.exd5 Bf5 10.O-O O-O 11.Nbc3 N8a6 12.h3 Nc5 13.Be3 Rc8 14.g4 Bd3 15.a3 Bxe2
16.Qxe2 Nbd3 17.Rad1 Ne5 18.d6 exd6 19.Nb5 Qe7 20.Nxd6 Rc7 21.Nb5 Rd7 22.Rxd7
Nexd7 23.Nxa7 Na4 24.b4 Nc3 25.Qf3 Nf6 26.Bc5 Qe5 27.Qe3 Nce4 28.Bxf8 Kxf8
29.a4 Qd5 30.Nb5 {#r} 1-0

[Event "Ch Yugoslavia (team) (1 liga)"]
[Site "masterchessopen.com Niksic (Yugoslavia)"]
[Round "8"]
[White "Ilincic Zlatko (SRB)"]
[Black "Djuric Stefan (SRB)"]
[Result "1/2-1/2"]
[WhiteElo "2520"]
[BlackElo "2560"]

1.d4 Nf6 2.c4 g6 3.g3 Bg7 4.Bg2 d5 5.cxd5 Nxd5 6.e4 Nb4 7.d5 c6 8.a3 Qa5 9.Nc3
cxd5 10.Bf4 N4c6 11.exd5 Nd4 12.Nf3 Bg4 13.O-O O-O 14.Re1 Re8 15.Be5 Bxe5
16.Rxe5 Nb5 17.Nxb5 Qxb5 18.Qd4 Bxf3 19.Bxf3 Nd7 20.Re3 Qb6 21.Qxb6 Nxb6
22.Rae1 Kf8 23.d6 exd6 24.Bxb7 Rxe3 25.Rxe3 Rb8 26.Ba6 Nd5 27.Re2 Nc7 28.Bc4
a5 29.Kg2 h5 30.h4 Ne8 31.Kf1 Nf6 32.Ke1 Ng4 33.Kd1 Ne5 34.Bd5 a4 35.Rd2 Nd7
36.Kc2 Rc8+ 37.Kd1 Rb8 38.Kc2 Rc8+ 39.Kb1 Nc5 40.Ka2 Re8 41.Bc6 Rc8 42.Bf3 Ke7
43.Bd1 Ke6 44.Rd4 Ra8 45.b4 axb3+ 46.Bxb3+ Nxb3 47.Kxb3 d5 48.a4 Kd6 49.Rd2
Ra7 50.Ra2 Kc5 51.Kc3 Ra5 52.Ra1 f6 53.f4 d4+ 54.Kd3 Kd5 55.Ra2 Rc5 56.Ra3 Ra5
57.Ra1 Rc5 58.a5 Rc3+ 59.Kd2 Rxg3 60.a6 Rg2+ 61.Kd3 Rg3+ 62.Kc2 Rc3+ 63.Kd2
Rc8 64.a7 Ra8 65.Kd3 Ke6 66.Ke4 g5 67.fxg5 fxg5 68.hxg5 h4 69.Kxd4 h3 70.Kc5
Kf5 71.g6 Kxg6 72.Kb6 Kg5 {#d} 1/2-1/2

[Event "Ch Yugoslavia (open)"]
[Site "masterchessopen.com Nis (Yugoslavia)"]
[Round "4"]
[White "Ilincic Zlatko (SRB)"]
[Black "Benderac Srdjan (MNE)"]
[Result "1-0"]
[WhiteElo "2520"]
[BlackElo "2285"]

1.d4 Nf6 2.c4 g6 3.g3 d5 4.cxd5 Nxd5 5.Bg2 Bg7 6.e4 Nb4 7.d5 c6 8.a3 N4a6
9.Ne2 cxd5 10.exd5 O-O 11.O-O Nc7 12.Nbc3 Ne8 13.Bf4 Nd6 14.Re1 Na6 15.Nd4 Qb6
16.Be5 Re8 17.Na4 Qd8 18.Bxg7 Kxg7 19.b4 Nc7 20.Nc5 Ncb5 21.Ndb3 b6 22.Nd3 Bb7
23.Ne5 e6 24.Nc6 Qf6 25.dxe6 Rxe6 26.Rxe6 Qxe6 27.a4 Nc3 28.Qd4+ Qf6 29.Qxf6+
Kxf6 30.Nbd4 a6 31.Ra3 Nce4 32.f3 Nd2 33.Rc3 Re8 34.Kf2 b5 35.axb5 axb5 36.Na5
Ba8 37.Rc5 Rb8 38.Nac6 Re8 39.Na7 Rb8 40.Naxb5 Nxb5 41.Nxb5 Nb3 42.Rc3 Rxb5
43.Rxb3 Bd5 44.Rb2 Bc4 45.f4 Ke6 46.Ke3 Kd6 47.Kd4 Be6 48.Be4 h6 49.Bd3 Rb6
50.b5 g5 51.f5 Bd7 52.Ra2 {#r} 1-0

[Event "Ch Armenia"]
[Site "masterchessopen.com Yerevan (Armenia)"]
[Round "9"]
[White "Petrosian Arshak B (ARM)"]
[Black "Aronian Levon (ARM)"]
[Result "1/2-1/2"]
[WhiteElo "2480"]
[BlackElo "2390"]

1.d4 Nf6 2.c4 g6 3.g3 Bg7 4.Bg2 d5 5.cxd5 Nxd5 6.e4 Nb4 7.a3 N4c6 8.d5 Nd4
9.Ne2 c5 10.O-O O-O 11.Nxd4 cxd4 12.Nd2 Na6 13.b4 Nc7 14.Bb2 Nb5 15.Nb3 e5
16.f4 f5 17.fxe5 Bxe5 18.exf5 Bxf5 19.Qe2 Qe8 20.Rae1 Bg7 21.Qc4 Qd7 22.Nc5
Nd6 23.Qa2 Qc7 24.Rd1 Bg4 25.Ne6 Qc4 26.Qxc4 Nxc4 27.Bxd4 Bxd1 28.Rxd1 Bxd4+
29.Rxd4 Nd6 30.Nxf8 Kxf8 31.Bh3 Ke7 32.Kf2 a5 33.a4 axb4 34.Rxb4 Ra5 35.Be6 b5
36.axb5 Rxb5 37.Ra4 Rb2+ 38.Kg1 h5 39.h4 Kf6 40.Rf4+ Ke5 41.Rf2 Rxf2 42.Kxf2
g5 43.g4 Ne4+ 44.Kg2 gxh4 45.gxh5 Nf6 46.h6 Nxd5 47.Bxd5 Kf6 48.Be4 Kf7 49.Bh7
Kf6 {#d} 1/2-1/2

[Event "It (open)"]
[Site "masterchessopen.com Asti (Italy)"]
[Round "0"]
[White "Rossi Giampiero (ITA)"]
[Black "Dubois Martine (FRA)"]
[Result "1/2-1/2"]
[WhiteElo "1902"]
[BlackElo "2010"]

1.d4 Nf6 2.c4 g6 3.g3 d5 4.cxd5 Nxd5 5.Bg2 Bg7 6.e4 Nb4 7.d5 O-O 8.Ne2 e6
9.Nbc3 c6 10.a3 N4a6 11.O-O cxd5 12.exd5 exd5 13.Qxd5 Nc6 14.Bg5 Qxd5 15.Bxd5
Nc7 16.Bxc6 bxc6 17.Rfd1 Bg4 18.Rd2 Ne6 19.Be3 Rfd8 20.Rxd8+ Rxd8 21.Re1 c5
22.Na4 Nd4 23.Nxd4 cxd4 24.Bd2 Bf8 25.b4 Rc8 26.Rc1 Re8 27.Re1 Rc8 {#d}
1/2-1/2

[Event "Ch Russia (corr.) (1/2 final)"]
[Site "masterchessopen.com corr."]
[Round "0"]
[White "Ushakov Gennadiy (UKR)"]
[Black "Akimov Vadim (RUS)"]
[Result "0-1"]
[WhiteElo "2224"]
[BlackElo "2147"]

1.d4 Nf6 2.c4 g6 3.g3 Bg7 4.Bg2 d5 5.cxd5 Nxd5 6.e4 Nb4 7.d5 c6 8.Ne2 cxd5
9.a3 N4a6 10.exd5 O-O 11.O-O Nd7 12.Nbc3 Nb6 13.Bg5 Nc4 14.Qb3 Nd6 {#R} 0-1

[Event "Ch Finland (team) 1997/98"]
[Site "masterchessopen.com Finland"]
[Round "1"]
[White "Norri Joose (FIN)"]
[Black "Holmsten Aleksei (FIN)"]
[Result "0-1"]
[WhiteElo "2430"]
[BlackElo "2355"]

1.d4 Nf6 2.c4 g6 3.g3 Bg7 4.Bg2 d5 5.cxd5 Nxd5 6.e4 Nb4 7.d5 c6 8.a3 N4a6
9.Nc3 O-O 10.Be3 e6 11.Nge2 exd5 12.exd5 cxd5 13.Nxd5 Bxb2 14.Rb1 Bg7 15.O-O
Nc6 16.Qa4 Ne5 17.Rfd1 Qe8 18.Qh4 Ng4 19.Rd3 Bf5 20.Ne7+ Qxe7 21.Qxe7 Bxd3
22.Re1 Rae8 23.Qxb7 Nxe3 24.fxe3 Rxe3 25.Kf2 Rfe8 26.Bf3 Nc5 27.Qxa7 Bf8 28.a4
Bc4 {#R} 0-1

[Event "Ch Spain"]
[Site "masterchessopen.com Torrevieja (Spain)"]
[Round "9"]
[White "Merino Garcia Rafael (ESP)"]
[Black "Fernandez Garcia Jose Luis (ESP)"]
[Result "0-1"]
[WhiteElo "2285"]
[BlackElo "2465"]

1.d4 Nf6 2.c4 g6 3.g3 Bg7 4.Bg2 d5 5.cxd5 Nxd5 6.e4 Nb4 7.d5 c6 8.Ne2 cxd5
9.a3 N4c6 10.exd5 Ne5 11.O-O O-O 12.h3 Na6 13.Nbc3 Bf5 14.Nd4 Bd3 15.Re1 Bc4
16.b3 Nd3 17.Re4 Bxd5 18.Nxd5 Qxd5 19.Rh4 Qd6 20.Qxd3 e5 21.Qb5 exd4 22.Bxb7
d3 23.Ra2 Nc7 24.Qc4 Rab8 25.Be4 Ne6 26.Be3 Bf6 27.Rh6 Bg5 28.Bxg5 Nxg5
29.Qxd3 Qxd3 30.Bxd3 Kg7 {#R} 0-1

[Event "Memorial Goldberg"]
[Site "masterchessopen.com Moscow (Russia)"]
[Round "0"]
[White "Gaprindashvili Valeriane (GEO)"]
[Black "Odeev Handszar (TKM)"]
[Result "1-0"]
[WhiteElo "2405"]
[BlackElo "2420"]

1.d4 Nf6 2.c4 g6 3.g3 Bg7 4.Bg2 d5 5.cxd5 Nxd5 6.e4 Nb4 7.d5 c6 8.a3 Qa5 9.Nc3
cxd5 10.Be3 N4c6 11.exd5 Ne5 12.Ne2 Bg4 13.Bd4 Nbd7 14.O-O Bf3 15.Qb3 Rb8
16.Nf4 O-O 17.Rfe1 Bxg2 18.Kxg2 Rfe8 19.Rad1 a6 20.Ne4 b5 21.Bc3 Qb6 22.Re2
Rbc8 23.Rde1 Qb7 24.f3 h6 25.Nf2 Qb8 26.Qd1 Rc4 27.Qd2 Rec8 28.Qd1 Bf6 29.h4
Bg7 30.Re4 Rxc3 31.bxc3 Nc5 32.R4e3 Na4 33.Qe2 f6 34.N2d3 Nxc3 35.Qc2 {#r} 1-0

[Event "Ch Poland (under 26)"]
[Site "masterchessopen.com Poland"]
[Round "0"]
[White "Grabarczyk Miroslaw (POL)"]
[Black "Bednarska Malgorzata (POL)"]
[Result "0-1"]
[WhiteElo "2470"]
[BlackElo "2175"]

1.d4 Nf6 2.c4 g6 3.g3 Bg7 4.Bg2 d5 5.cxd5 Nxd5 6.e4 Nb4 7.a3 N4c6 8.d5 Nd4
9.Nc3 O-O 10.Nge2 c5 11.O-O e5 12.dxe6 fxe6 13.f4 e5 14.f5 gxf5 15.exf5 Bxf5
16.Bxb7 Nd7 17.Nxd4 cxd4 18.Ne4 Rb8 19.Bd5+ Kh8 20.Ng5 Bg6 21.Ne6 Rxf1+
22.Qxf1 Qf6 23.Nxg7 Qxf1+ 24.Kxf1 Kxg7 25.b4 Nf6 26.Be6 Rb6 27.Bb3 Rc6 28.Bb2
Ng4 29.h3 Ne3+ 30.Ke2 Bf7 31.Ba4 Bc4+ 32.Kf3 Rc7 33.Ke4 Kf6 34.g4 Bd5+ 35.Kd3
Bc4+ 36.Ke4 Bd5+ 37.Kd3 Ke6 38.Re1 Ng2 39.Rg1 Nf4+ 40.Kd2 Nxh3 41.Rf1 Rf7
42.Rxf7 Kxf7 43.Bc2 h6 44.Ke1 Kf6 45.b5 Bf3 46.a4 Bxg4 47.Ba3 Bc8 48.Be4 Ng5
49.Bd5 Ne6 50.a5 a6 51.bxa6 Bxa6 52.Bf3 Nf4 53.Be4 Nd3+ 54.Kd2 Nf2 55.Bg2 e4
56.Bc5 e3+ 57.Kc2 d3+ 58.Kc3 d2 59.Bf3 Ne4+ 60.Kd4 e2 {#R} 0-1

[Event "It (open)"]
[Site "masterchessopen.com Roskilde (Denmark)"]
[Round "9"]
[White "Johannessen Leif Erlend (NOR)"]
[Black "Zagorskis Darius (LTU)"]
[Result "1/2-1/2"]
[WhiteElo "2290"]
[BlackElo "2510"]

1.d4 Nf6 2.c4 g6 3.g3 Bg7 4.Bg2 d5 5.cxd5 Nxd5 6.e4 Nb4 7.d5 c6 8.a3 Qa5 9.Nc3
cxd5 10.Bf4 N4c6 11.exd5 Ne5 12.Qe2 Nbd7 13.Nf3 Nxf3+ 14.Qxf3 Qa6 15.Qe2 Qxe2+
16.Kxe2 Ne5 17.Rhe1 Bg4+ 18.Kd2 Nc4+ 19.Kc2 Rc8 20.Bd2 Kd7 21.Be4 Nd6 22.Kb3
Nc4 23.Kc2 Nxd2 24.Kxd2 Bxc3+ 25.bxc3 Kd6 26.Bd3 Rc5 27.c4 e6 28.dxe6 Bxe6
29.Rab1 b6 30.Re4 Rhc8 31.Rb4 Ra5 32.Rb3 Rcc5 33.Rc3 Kc7 34.Rf4 Ra4 35.Kc2 Kd6
36.Kb2 Raa5 37.Kc2 Rc7 38.Kb2 Rac5 39.Rc2 g5 40.Rd4+ Ke5 41.Re4+ Kf6 42.Rd4 h6
43.h4 Rd7 44.hxg5+ hxg5 45.Rxd7 Bxd7 46.Kc3 Bf5 47.Rd2 Be6 48.Rb2 Ra5 49.Rb3
Ra4 50.Kd4 Ke7 51.Rc3 Kd6 52.Bc2 Ra5 53.Be4 Rc5 54.Bd3 g4 55.Be4 Re5 56.f3
gxf3 57.Bxf3 Rg5 58.Be2 Bg4 59.Bf1 Be6 60.Be2 Re5 61.Bf3 f6 62.Rd3 Rc5 63.Rc3
Rg5 64.Be2 Bg4 65.Bf1 Rf5 66.Bg2 Rf2 67.Be4 Rf1 68.Rd3 Be6 69.Rf3 Rd1+ 70.Bd3
f5 71.Rf1 Rd2 72.Kc3 Ra2 73.Bxf5 Bxf5 74.Rxf5 Rxa3+ 75.Kb4 Rxg3 76.c5+ {#d}
1/2-1/2

[Event "It (open)"]
[Site "masterchessopen.com Vienna (Austria)"]
[Round "2"]
[White "Certek Pavel (SVK)"]
[Black "Balinov Ilija (AUT)"]
[Result "1/2-1/2"]
[WhiteElo "2322"]
[BlackElo "2450"]

1.d4 Nf6 2.c4 g6 3.g3 Bg7 4.Bg2 d5 5.cxd5 Nxd5 6.e4 Nb4 7.d5 c6 8.a3 Qa5 9.Nc3
cxd5 10.Bf4 N4c6 11.exd5 Nd4 12.Rc1 O-O 13.Ne2 Bg4 14.O-O Nxe2+ 15.Nxe2 Bxb2
16.Rb1 Bf6 17.h3 Bc8 18.Nd4 Na6 19.a4 Nc5 20.Nb3 Nxb3 21.Qxb3 Bf5 22.Qb4 Qxb4
23.Rxb4 Bd3 24.Rd1 Be2 25.Rc1 Ba6 26.Be3 Be5 27.a5 Bd6 28.Rb3 Rfc8 29.Rxc8+
Rxc8 30.Bxa7 Rc1+ 31.Kh2 f5 32.Be3 Ra1 33.Rc3 f4 34.Bxf4 Bxf4 35.gxf4 Rxa5
36.Rc7 Kf8 37.f5 gxf5 38.d6 exd6 39.Bxb7 Bd3 40.Rxh7 d5 41.Rd7 Be4 42.Kg3 Ra7
43.Kf4 d4 44.Bc6 Rxd7 45.Bxd7 Ke7 46.Bc8 Kf6 47.h4 Bb1 48.Ba6 Bc2 49.Bc8 Bd3
50.Bb7 Be2 51.Bc8 Bd3 52.Bb7 Bc2 53.Bc8 Be4 54.Ba6 Kg6 55.Be2 Bc2 56.Bf3 Kf6
57.Bb7 Bd3 58.Bc8 Be4 59.Ba6 Kg6 60.Be2 Bb1 61.Bd1 Kf6 62.Ba4 Bd3 63.Bc6 Bc2
64.Bb7 Bd3 65.Bc8 Be4 66.Ba6 Kg6 67.Be2 Bb1 68.Bd1 Kf6 69.Ba4 Be4 {#d} 1/2-1/2

[Event "VK2 Ruhrgebiet 1998/99"]
[Site "masterchessopen.com Germany"]
[Round "5"]
[White "Petrosian Arshak B (ARM)"]
[Black "Pielnik Rainer (GER)"]
[Result "1-0"]
[WhiteElo "2514"]
[BlackElo "2150"]

1.d4 Nf6 2.c4 g6 3.g3 d5 4.cxd5 Nxd5 5.Bg2 Bg7 6.e4 Nb4 7.a3 N4c6 8.d5 Nd4
9.Ne2 Bg4 10.Nbc3 O-O 11.h3 Bf3 12.Bxf3 Nxf3+ 13.Kf1 c6 14.Kg2 Ne5 15.Qb3 Qc8
16.f4 Ned7 17.Be3 Na6 18.Rac1 Ndc5 19.Qc2 Nd7 20.Rhd1 Rd8 21.Qb3 Ndc5 22.Qa2
Nd7 23.b4 Kf8 24.e5 Nb6 25.b5 cxb5 26.Nxb5 Qd7 27.Nec3 Na4 28.Nxa4 Qxb5 29.Nc3
Qa5 30.Qb3 b6 31.Nb5 Nc5 32.Qb4 Qxb4 33.axb4 Na6 34.Rc4 Rac8 35.Rdc1 Rxc4
36.Rxc4 Ke8 37.Nxa7 Rxd5 38.Bxb6 Kd7 39.b5 Nb8 40.Bf2 g5 41.Rc8 Rxb5 42.Rg8
{#r} 1-0

[Event "Cup Yugoslavia (team)"]
[Site "masterchessopen.com Herceg Novi (Montenegro)"]
[Round "0"]
[White "Ilincic Zlatko (SRB)"]
[Black "Benderac Srdjan (MNE)"]
[Result "1-0"]
[WhiteElo "2577"]
[BlackElo "2359"]

1.d4 Nf6 2.c4 g6 3.g3 Bg7 4.Bg2 d5 5.cxd5 Nxd5 6.e4 Nb4 7.d5 O-O 8.a3 N4a6
9.Ne2 c6 10.O-O Nd7 11.Nbc3 Nb6 12.Nf4 cxd5 13.Nfxd5 Nxd5 14.exd5 Bf5 15.Re1
Qd7 16.Be3 Bh3 17.Bxh3 Qxh3 18.Bd4 Bxd4 19.Qxd4 Qd7 20.Re3 Nc7 21.Rd1 b6
22.Qb4 Rfe8 23.Qh4 Rad8 24.d6 Ne6 25.Nd5 g5 26.Qh6 Qa4 27.Ree1 Rxd6 28.Nxe7+
Rxe7 29.Rxd6 Qe8 30.Qf6 Qf8 31.Rd5 h6 32.Re4 Re8 33.h4 Rc8 34.hxg5 hxg5
35.Rxe6 Rc1+ 36.Kh2 {#r} 1-0

[Event "It (open)"]
[Site "masterchessopen.com Koszalin (Poland)"]
[Round "8"]
[White "Khenkin Igor (GER)"]
[Black "Dvoirys Semen I (RUS)"]
[Result "1/2-1/2"]
[WhiteElo "2633"]
[BlackElo "2590"]

1.d4 Nf6 2.c4 g6 3.g3 Bg7 4.Bg2 d5 5.cxd5 Nxd5 6.e4 Nb4 7.d5 c6 8.a3 Qa5 9.Nc3
cxd5 10.Bf4 N4a6 11.exd5 Bxc3+ 12.bxc3 Qxc3+ 13.Bd2 Qd3 14.Ne2 Nc5 15.Nf4 Qa6
16.Bb4 Nbd7 17.Qd4 Qf6 18.Qxf6 exf6 19.d6 a5 20.Bc3 Ra6 21.O-O-O Kd8 22.Rhe1
Re8 23.Rxe8+ Kxe8 24.Bf1 Rb6 25.Rd5 Rb3 26.Bb2 b6 27.Bc4 Rf3 28.Rd2 Ne4 29.Re2
f5 30.Nd5 Kd8 31.Ne7 Nxd6 32.Nc6+ Kc7 33.Nd4 Rxf2 34.Nb5+ Nxb5 35.Rxf2 Nd6
36.Rc2 Nxc4 37.Rxc4+ Nc5 38.Kc2 Be6 39.Be5+ Kc6 40.Rd4 Bd5 41.Rd2 b5 42.Bc3 a4
43.Bb4 Ne4 44.Rd4 Ng5 45.Rd2 Nf3 46.Rf2 Kd7 47.Kd3 Ke6 48.Ke3 Ne5 49.Rc2 Bc4
50.Rd2 f6 51.Rd6+ Kf7 52.h4 g5 53.h5 Kg7 54.Bc3 Ng4+ 55.Kf3 Kh6 56.Bxf6 Kxh5
57.Bc3 Nh2+ 58.Kg2 Ng4 59.Kf3 Bb3 60.Bg7 Bc2 61.Rb6 Bd1+ 62.Kg2 Be2 63.Re6 Bd3
64.Kf3 Be4+ 65.Ke2 Bg2 66.Rb6 Bd5 67.Rd6 Bc4+ 68.Kf3 Nh2+ 69.Kg2 Ng4 70.Kf3
Bf1 71.Bc3 Nh6 72.Rf6 Bc4 73.Rd6 Nf7 74.Rd7 Kg6 75.Ke3 h5 76.Rc7 h4 77.gxh4
gxh4 78.Kf4 h3 79.Kg3 Ng5 80.Rc6+ Kf7 81.Be5 Ke8 82.Bf4 Ne6 83.Be5 Ng5 84.Bf4
Ne6 85.Be5 {#d} 1/2-1/2

[Event "It (open) (b)"]
[Site "masterchessopen.com Koszalin (Poland)"]
[Round "10"]
[White "Kaczorowska Barbara (POL)"]
[Black "Szymanowska Karolina (POL)"]
[Result "1-0"]
[WhiteElo "2210"]
[BlackElo "2148"]

1.d4 Nf6 2.c4 g6 3.g3 Bg7 4.Bg2 d5 5.cxd5 Nxd5 6.e4 Nb4 7.d5 c6 8.Ne2 cxd5
9.exd5 Bf5 10.Qa4+ N8c6 11.O-O Bc2 12.b3 b5 13.Qxb5 Bd3 14.Qa4 Qa5 15.Qxa5
Nxa5 16.Nbc3 Bxe2 17.Nxe2 Bxa1 18.Bd2 Bf6 19.Bxb4 Nb7 20.d6 Rb8 21.dxe7 Bxe7
22.Bc6+ Kf8 23.Bc3 Rg8 24.Rd1 Nd6 25.Be5 Rc8 26.Bf3 Nf5 27.Rd7 Bc5 28.Nf4 Ke8
29.Rb7 Nd4 30.Bd5 Rf8 31.Bg7 Nf5 32.Bxf8 {#r} 1-0

[Event "Ch Cuba"]
[Site "masterchessopen.com Santa Clara (Cuba)"]
[Round "0"]
[White "Gomez Felix (CUB)"]
[Black "Herrera Irisberto (ESP)"]
[Result "1/2-1/2"]
[WhiteElo "2409"]
[BlackElo "2487"]

1.d4 Nf6 2.c4 g6 3.g3 Bg7 4.Bg2 d5 5.cxd5 Nxd5 6.e4 Nb4 7.d5 c6 8.a3 Qa5 9.Nc3
cxd5 10.Be3 d4 11.axb4 Qd8 12.Bd2 dxc3 13.Bxc3 O-O 14.Qxd8 Rxd8 15.Ne2 Nc6
16.f4 e5 17.Kf2 Be6 18.Rhd1 a6 19.fxe5 Nxe5 20.Nf4 Bb3 21.Rxd8+ Rxd8 22.h3
Nd3+ 23.Nxd3 Bxc3 24.bxc3 Rxd3 25.e5 Rd2+ 26.Kg1 Bd5 27.Bxd5 Rxd5 28.Kf2 Rxe5
29.Rd1 Re7 30.Rd6 Kg7 31.Rb6 h5 32.c4 h4 33.gxh4 Kh6 34.b5 axb5 35.Rxb5 f5
36.c5 Kh5 37.Rb4 Rc7 38.Kg3 Rd7 39.Kg2 Rd2+ 40.Kg3 Rd3+ 41.Kg2 Rc3 42.Rxb7
Kxh4 43.Rb4+ Kh5 44.Rd4 Rxc5 45.Rd3 Re5 46.Ra3 Re4 47.Rb3 Rc4 48.Rb8 Kg5
49.Rg8 Rc3 50.Kh2 Rc2+ 51.Kg3 Rc3+ {#d} 1/2-1/2

[Event "Ch Spain"]
[Site "masterchessopen.com Barcelona (Spain)"]
[Round "9"]
[White "Bernal Moro Luis Javier (ESP)"]
[Black "Fernandez Garcia Jose Luis (ESP)"]
[Result "1-0"]
[WhiteElo "2375"]
[BlackElo "2454"]

1.d4 Nf6 2.c4 g6 3.g3 Bg7 4.Bg2 d5 5.cxd5 Nxd5 6.e4 Nb4 7.d5 c6 8.a3 Qa5 9.Nc3
cxd5 10.Bf4 N4a6 11.exd5 Bxc3+ 12.bxc3 Qxc3+ 13.Bd2 Qd3 14.Rc1 Nd7 15.Rc3 Qf5
16.Ne2 O-O 17.O-O Nf6 18.d6 e5 19.Rf3 Qe6 20.Bg5 Nd5 21.Nc3 Nb6 22.Be7 Nc5
23.Bxf8 Kxf8 24.Nb5 Qc4 25.Nc7 Rb8 26.Qd2 Kg8 27.Rc3 Ne4 28.Qh6 {#r} 1-0

[Event "It (open)"]
[Site "masterchessopen.com New York (USA)"]
[Round "8"]
[White "Tregubov Pavel V (RUS)"]
[Black "Dvoirys Semen I (RUS)"]
[Result "1/2-1/2"]
[WhiteElo "2620"]
[BlackElo "2562"]

1.d4 Nf6 2.c4 g6 3.g3 Bg7 4.Bg2 d5 5.cxd5 Nxd5 6.e4 Nb4 7.d5 c6 8.a3 Qa5 9.Nc3
cxd5 10.Bf4 N4c6 11.exd5 Ne5 12.Ne2 O-O 13.O-O Qa6 14.a4 Nbd7 15.Nb5 Qa5
16.Rc1 a6 17.Bd2 Qd8 18.Nc7 Rb8 19.Bb4 Nb6 20.d6 exd6 21.Bxd6 Bg4 22.Bxf8 Qxf8
23.h3 Rd8 24.Qc2 Bf5 25.Qb3 Nbc4 26.Rfd1 Rxd1+ 27.Rxd1 Nxb2 28.Rf1 Bd3 29.Re1
Bc4 30.Qxb7 Ned3 31.Rf1 Nc5 32.Qc6 Bxe2 33.Re1 Nb3 34.Rxe2 Nd4 35.Qxa6 Nxe2+
36.Qxe2 {#d} 1/2-1/2

[Event "It (open)"]
[Site "masterchessopen.com Polanica Zdroj (Poland)"]
[Round "10"]
[White "Goj Artur (POL)"]
[Black "Ragozin Evgeni (RUS)"]
[Result "0-1"]
[WhiteElo "2264"]
[BlackElo "2489"]

1.d4 Nf6 2.c4 g6 3.g3 Bg7 4.Bg2 d5 5.cxd5 Nxd5 6.e4 Nb4 7.d5 c6 8.a3 Qa5 9.Nc3
cxd5 10.Bf4 N4c6 11.exd5 Nd4 12.Nf3 Bg4 13.O-O O-O 14.Re1 Qb6 15.Be5 Bxe5
16.Rxe5 Bxf3 17.Bxf3 Qxb2 18.Bg2 Qxc3 19.Re3 Qc5 20.Rc1 Qb6 21.Rb1 Qf6 22.g4
e5 23.dxe6 fxe6 {#R} 0-1

[Event "It (open)"]
[Site "masterchessopen.com Cappelle la Grande (France)"]
[Round "6"]
[White "Gaprindashvili Valeriane (GEO)"]
[Black "Dvoirys Semen I (RUS)"]
[Result "1-0"]
[WhiteElo "2476"]
[BlackElo "2582"]

1.d4 Nf6 2.c4 g6 3.g3 Bg7 4.Bg2 d5 5.cxd5 Nxd5 6.e4 Nb4 7.d5 c5 8.Ne2 c4
9.Qa4+ N8c6 10.dxc6 Nd3+ 11.Kf1 b5 12.Qxb5 Nxc1 13.c7+ Qd7 14.Qxd7+ Kxd7 15.e5
Nxe2 16.Kxe2 Bxe5 17.Nc3 Ba6 18.Rad1+ Bd6 19.Bxa8 Rxa8 20.Ne4 Kxc7 21.Nxd6
exd6 22.Kd2 Bc8 23.Kc3 Be6 24.Rd4 a5 25.Rhd1 Ra6 26.g4 a4 27.Kb4 a3 28.bxa3
Rb6+ 29.Kc3 Ra6 30.Kb2 c3+ 31.Kxc3 Rxa3+ 32.Kd2 Rxa2+ 33.Ke3 d5 34.R1d2 Ra1
35.Kf4 Rg1 36.Ke5 h5 37.gxh5 Rg5+ 38.Kf6 Rxh5 39.Ke7 Kc6 40.Rc2+ Kb5 41.Kd6
Rh3 42.Rb2+ Ka5 43.Rd1 Ra3 44.Rb8 d4 45.Ra8+ Kb4 46.Rxa3 Kxa3 47.Rxd4 Kb3
48.Ke5 Ka3 49.Rb4 {#r} 1-0

[Event "Ch Russia (juniors) (under 16)"]
[Site "masterchessopen.com Cherepovets (Russia)"]
[Round "0"]
[White "Plotnikov Pavel (RUS)"]
[Black "Sunjaikin Boris (RUS)"]
[Result "1/2-1/2"]
[WhiteElo "2297"]
[BlackElo "2219"]

1.d4 Nf6 2.c4 g6 3.g3 Bg7 4.Bg2 d5 5.cxd5 Nxd5 6.e4 Nb4 7.a3 N4c6 8.d5 Nd4
9.Nc3 O-O 10.Be3 c5 11.Nge2 Bg4 12.O-O e5 13.f3 Bd7 14.Rb1 Na6 15.f4 f6 16.b4
b6 17.Qd3 Qc8 18.bxc5 Nxc5 19.Qd2 Nxe2+ 20.Qxe2 Nb7 21.Rfc1 Nd6 22.a4 Qe8
23.Nb5 Bxb5 24.axb5 f5 25.fxe5 Qxe5 26.Bf4 Qd4+ 27.Kh1 Nxe4 28.Bxe4 Qxe4+
29.Qxe4 fxe4 30.Rc7 g5 31.Bxg5 Rf5 32.Bf4 Rxd5 33.Re7 Rad8 34.Rxe4 Rd1+ 35.Re1
Rxe1+ 36.Rxe1 Rd5 37.Rb1 Be5 38.Bxe5 Rxe5 39.Kg2 Kf7 40.Ra1 Rxb5 41.Rxa7+ Kg6
42.Kh3 h5 43.Rb7 {#d} 1/2-1/2

[Event "Ch Yugoslavia (team) (1 liga)"]
[Site "masterchessopen.com Herceg Novi (Montenegro)"]
[Round "3"]
[White "Ilincic Zlatko (SRB)"]
[Black "Ftacnik Lubomir (SVK)"]
[Result "1-0"]
[WhiteElo "2521"]
[BlackElo "2566"]

1.d4 Nf6 2.c4 g6 3.g3 Bg7 4.Bg2 d5 5.cxd5 Nxd5 6.e4 Nb4 7.d5 c6 8.a3 N4a6
9.Nc3 O-O 10.Nge2 cxd5 11.exd5 Nd7 12.O-O Ne5 13.h3 Nc4 14.b3 Nd6 15.Bf4 Bd7
16.Rc1 Qa5 17.a4 Rfc8 18.Bd2 Qd8 19.g4 Rc7 20.Ng3 Rac8 21.Nce4 Rxc1 22.Bxc1 b5
23.Nxd6 exd6 24.Ne4 bxa4 25.bxa4 Nc5 26.Nxc5 dxc5 27.d6 Bd4 28.Bf4 Qf6 29.Bg3
Rb8 30.Qd3 Rb4 31.Qa6 Qd8 32.Qxa7 Rxa4 33.Qc7 Qe8 34.Kh2 Kg7 35.Bd5 Be5
36.Qxc5 Bxg3+ 37.fxg3 Be6 38.Re1 Qd8 39.Qc3+ Qf6 40.Qxf6+ Kxf6 41.g5+ Kxg5
42.Rxe6 Rd4 43.Re5+ Kf6 44.d7 {#r} 1-0

[Event "Ch Yugoslavia (team) (1 liga)"]
[Site "masterchessopen.com Herceg Novi (Montenegro)"]
[Round "5"]
[White "Tregubov Pavel V (RUS)"]
[Black "Ftacnik Lubomir (SVK)"]
[Result "1/2-1/2"]
[WhiteElo "2611"]
[BlackElo "2566"]

1.d4 Nf6 2.c4 g6 3.g3 Bg7 4.Bg2 d5 5.cxd5 Nxd5 6.e4 Nb4 7.d5 c6 8.a3 Qa5 9.Nc3
cxd5 10.Bf4 N4c6 11.exd5 Nd4 12.Nf3 Bg4 13.O-O O-O 14.Re1 Qb6 15.Rb1 {#d}
1/2-1/2

[Event "Ch Europe"]
[Site "masterchessopen.com Ohrid (Macedonia)"]
[Round "2"]
[White "Kutirov Rolando (MKD)"]
[Black "Turov Maxim (RUS)"]
[Result "1-0"]
[WhiteElo "2390"]
[BlackElo "2564"]

1.d4 Nf6 2.c4 g6 3.g3 Bg7 4.Bg2 d5 5.cxd5 Nxd5 6.e4 Nb4 7.d5 c6 8.Ne2 O-O 9.a3
N4a6 10.O-O Nd7 11.Nbc3 cxd5 12.exd5 Ne5 13.h3 Bd7 14.b3 Rc8 15.Ra2 Bf5 16.Ne4
Bxe4 17.Bxe4 Nc5 18.Bg2 Qb6 19.Be3 Qa6 20.Qb1 Rfd8 21.Rd1 Ned7 22.a4 Qd6
23.Nd4 Bxd4 24.Rxd4 a5 25.b4 axb4 26.Rxb4 Ra8 27.a5 Ra6 28.Rb5 Rda8 29.h4 b6
30.Bf4 Qf6 31.Bg5 Qc3 32.d6 Rc8 33.Rc2 Qd3 34.Bb7 {#r} 1-0